000 00586nam a22001697a 4500
003 OSt
005 20171010095533.0
008 121005t xxu||||| |||| 00| 0 eng d
040 _aMMSU
_cULS
100 _aGonzales, Lorelie T., et al.
_913159
245 _aSoil investigation at Manila north road, Sinait, Ilocos Sur
_cLorelie T. Gonzales, et al.
260 _c2008
300 _a[vi], [142] leaves
_c28 cm.
500 _aThesis (BS Civil Engineering) -- Mariano Marcos State University-College of Engineering, Batac City
504 _aBibliography: leaf 22
942 _2ddc
_cTHEDIS
999 _c9820
_d9820